Political Geography Vocabulary #1 - Statistics

General Stats
  • This quiz has been taken 44 times
  • The average score is 11 of 15
Answer Stats
Hint Answer % Correct
A city that serves as the seat of government of a nation, state, or province C Capital
94%
A system of government by the whole population or all the eligible members of a state, typically through elected representatives D Democracy
89%
A state in which supreme power is held by the people and their elected representatives, and has an elected or nominated president rather than a monarch R Republic
89%
A line separating two political or geographical areas B Border
80%
A portion of territory within or surrounded by a larger territory E Enclave
80%
A nation with its own government, occupying a particular territory C Country
77%
The dominant social system in medieval Europe, in which the nobility held lands in exchange for military service F Feudalism
74%
The right to vote in political elections S Suffrage
74%
A body of fundamental principles or established precedents according to which a state or other organization is acknowledged to be governed C Constitution
71%
A portion of territory of one state completely surrounded by territory of another E Exclave
71%
Part of a country or the world, having definable characteristics but not always fixed boundaries R Region
69%
A city or town that has corporate status and local government M Municipality
54%
Political approach that strives to appeal to ordinary people who feel that their concerns are disregarded by established elite groups P Populism
54%
An extensive group of states or countries under a single supreme authority E Empire
51%
A country or area under the full or partial political control of another country C Colony
37%
No matching quizzes found
Score Distribution
Percent of People with Each Score
Percentile by Number Answered
Your Score History
You have not taken this quiz